000
00217nam a2200097Ia 4500
008
240331s9999 xx 000 0 und d
082
_b
SHA
100
_a
Shanmugasundaram, S
245
0
_a
Akatharam puratharam
942
_c
L
999
_c
3611
_d
3611